000 00712cam a22002173a 4500
001 39243
003 PGUSA
005 20140828083855.0
008 120324s2012||||xxu|||||s|||||000 | eng d
040 _aPGUSA
_beng
042 _adc
100 1 _aOliver, Margaret Scott
245 1 0 _aSix One-Act Plays
_h[electronic resource] /
_cMargaret Scott Oliver
260 _bProject Gutenberg,
_c2012
505 0 _aThe hand of the prophet -- Children of Granada -- The turtle dove -- This youth-gentlemen -- The striker -- Murdering Selina
506 _aPublic domain in the USA.
516 _aElectronic text
830 0 _aProject Gutenberg
_v39243
856 4 0 _uhttp://www.gutenberg.org/ebooks/39243
942 _cEB
999 _c268496
_d268496